Feminisms and educational research / (Record no. 14434)

000 -LEADER
fixed length control field 01265cam a22003017a 4500
001 - CONTROL NUMBER
control field 16945587
005 - DATE AND TIME OF LATEST TRANSACTION
control field 20170105102855.0
008 - FIXED-LENGTH DATA ELEMENTS--GENERAL INFORMATION
fixed length control field 110902s2012 mdu b 001 0 eng
010 ## - LIBRARY OF CONGRESS CONTROL NUMBER
LC control number 2011035355
020 ## - INTERNATIONAL STANDARD BOOK NUMBER
International Standard Book Number 9780847699025 (cloth : alk. paper)
020 ## - INTERNATIONAL STANDARD BOOK NUMBER
International Standard Book Number 9781442214675 (electronic)
040 ## - CATALOGING SOURCE
Original cataloging agency DLC
Transcribing agency DLC
042 ## - AUTHENTICATION CODE
Authentication code pcc
050 00 - LIBRARY OF CONGRESS CALL NUMBER
Classification number LC197
Item number .K65 2012
082 00 - DEWEY DECIMAL CLASSIFICATION NUMBER
Classification number 370.72082
Edition number 23
100 1# - MAIN ENTRY--PERSONAL NAME
Personal name Kohli, Wendy.
245 10 - TITLE STATEMENT
Title Feminisms and educational research /
Statement of responsibility, etc. Wendy Kohli and Nicholas C. Burbules.
260 ## - PUBLICATION, DISTRIBUTION, ETC.
Place of publication, distribution, etc. Lanham, Md. :
Name of publisher, distributor, etc. Rowman & Littlefield Publishers,
Date of publication, distribution, etc. c2012.
300 ## - PHYSICAL DESCRIPTION
Extent ix, 103 p. ;
Dimensions 24 cm.
504 ## - BIBLIOGRAPHY, ETC. NOTE
Bibliography, etc. note Includes bibliographical references and index.
505 0# - FORMATTED CONTENTS NOTE
Formatted contents note Introduction -- What is feminism? -- Philosophical concerns and commitments -- Feminist inquiry -- Feminist educational research.
650 #0 - SUBJECT ADDED ENTRY--TOPICAL TERM
Topical term or geographic name entry element Feminism and education
General subdivision Research.
650 #0 - SUBJECT ADDED ENTRY--TOPICAL TERM
Topical term or geographic name entry element Feminist theory.
700 1# - ADDED ENTRY--PERSONAL NAME
Personal name Burbules, Nicholas C.
906 ## - LOCAL DATA ELEMENT F, LDF (RLIN)
a 7
b vip
c orignew
d 1
e ecip
f 20
g y-gencatlg
942 ## - ADDED ENTRY ELEMENTS (KOHA)
Source of classification or shelving scheme
Koha item type Book
Holdings
Withdrawn status Lost status Damaged status Not for loan Collection code Permanent Location Current Location Shelving location Date acquired Total Checkouts Full call number Barcode Date last seen Price effective from Koha item type
          Central Library (CL) Central Library (CL) General Stacks 08/27/2013   370.72082 KOH 2012 CIPS0000792 08/27/2013 08/27/2013 Book
© 2023 Central Library, National University of Sciences and Technology. All Rights Reserved.